000 00827nam a2200229 i 4500
001 6217
003 ES-MaACL
005 20230906144833.0
007 t|
008 890829s1988 sp ||||1| spa d
020 _a84-86639-14-X
080 _a522.1
100 1 _aLautsen, Svend.
_970667
245 1 0 _aExplorando el cielo austral
_b: un atlas fotográfico del Observatorio Europeo Austral (ESO) /
_cSvend Lautsen, Claus Madsen, Richard M. West.
260 _aMadrid :
_bEquipo Sirius,
_cD.L. 1988.
300 _aVI, 274 p. + [1] h. de lam. pleg. :
_bprincipalmente il. ;
_c25x30 cm.
650 _aAstronomía-
_vAtlas.
_910387
700 1 _aMadsen, Claus.
_975374
700 1 _aWest, Richard M.
_9116554
710 2 _aObservatorio Europeo Austral (Munich, R. F.)
_96009
852 _aES-MaACL
_jL-13350
_bR.116720
_z. - cart.
999 _c6217
_d6217